000
00299nam a22001217a 4500
082
_a
894.812
_b
SRE/M
100
_a
S.SRINIVASAN
245
_a
MOTORCAR MECHANISM
260
_a
THIRUVANANTHAPURAM
_b
PRABHATH BOOK HOUSE
_c
1980
300
_a
154
650
_a
BASICS OF RUNNING A MACHINE
_z
KERALA
942
_c
BK
999
_c
976
_d
976